| 000 | 00703nam a2200181 4500 | ||
|---|---|---|---|
| 008 | 040405r19831982mnua be 000 0 eng | ||
| 020 | _a0894532685 :USD17.48 | ||
| 090 |
_aBT599 _bOc1 |
||
| 100 | 1 | _aO'Carroll, Michael. | |
| 245 | 1 | 0 |
_aTheotokos : _ba theological encyclopedia of the Blessed Virgin Mary / _cby Michael O'Carroll. |
| 250 | _arev. ed. with supplement. | ||
| 260 |
_aCollegeville, Minn. : _bLiturgical Press, _c1983. |
||
| 300 |
_ax, 390 p. : _bill. ; _c28 cm. |
||
| 500 | _a"A Michael Glazier book." | ||
| 504 | _aIncludes bibliographical references. | ||
| 600 | 1 | 4 |
_aMary, _cBlessed Virgin, Saint _xEncyclopedias. |
| 951 |
_p26963 _x00028523 _oBT599/Oc1 _j070613111348015 _d2000-12-21 _cOS-REF |
||
| 999 |
_c19557 _d19557 |
||